[Event "FRA-chT2 0910"]
[Site "France"]
[Date "2009.12.13"]
[Round "6.4"]
[White "Marchadour, Claire"]
[Black "Bouillot, Serge"]
[Result "1/2-1/2"]
[WhiteElo "2073"]
[BlackElo "2163"]
[PlyCount "140"]
[EventDate "2009.09.27"]
[EventType "team"]
[EventRounds "11"]
[EventCountry "FRA"]
[Source "ChessBase"]
[SourceDate "2010.03.11"]

1. e4 d6 2. d4 Nf6 3. Nc3 c6 4. Bf4 Qa5 5. Qd3 e5 6. Bd2 Na6 7. Nd5 Qd8 8.
Nxf6+ Qxf6 9. Nf3 exd4 10. Bg5 Qg6 11. Qxd4 Nc5 12. Bd3 Ne6 13. Qe3 Nxg5 14.
Nxg5 Be7 15. Nf3 Qh5 16. Bc4 Qa5+ 17. c3 O-O 18. O-O Be6 19. Bxe6 fxe6 20. Nd4
Rf6 21. f4 e5 22. Nb3 exf4 23. Nxa5 fxe3 24. Rxf6 Bxf6 25. Re1 Re8 26. Rxe3 Bd8
27. Nc4 b5 28. Nxd6 Bb6 29. Kf2 Rf8+ 30. Ke2 Bxe3 31. Kxe3 Rf1 32. Nc8 a6 33.
Ne7+ Kf7 34. Nxc6 Rb1 35. Ne5+ Ke7 36. Nd3 Rh1 37. h3 Rg1 38. Kf2 Rd1 39. Ke2
Rg1 40. Kf2 Rd1 41. Ke2 Rb1 42. a3 Kd6 43. Kf2 Rd1 44. Ke2 Rb1 45. Kf2 a5 46.
Ke3 Rf1 47. Ke2 Rf8 48. Ke3 g5 49. Ke2 Rc8 50. Ke3 h5 51. Kd4 Rc4+ 52. Ke3 Rc8
53. Kd4 Rb8 54. Ke3 Rb7 55. Ke2 Rg7 56. Ke3 a4 57. Kf3 Rf7+ 58. Ke3 Rf8 59. Ke2
Ke6 60. Ke3 Rd8 61. Ke2 Kf6 62. Ke3 Ke6 63. Nc5+ Ke5 64. Nd3+ Ke6 65. Ke2 Rf8
66. Ke3 Rf1 67. Ke2 Rb1 68. Ke3 Rg1 69. Kf2 Rb1 70. Ke3 Rg1 1/2-1/2

[Event "FRA-chT2 0910"]
[Site "France"]
[Date "2009.12.13"]
[Round "6.4"]
[White "Simon, Leopold"]
[Black "Cheymol, Eric"]
[Result "1/2-1/2"]
[WhiteElo "2109"]
[BlackElo "2185"]
[PlyCount "106"]
[EventDate "2009.09.27"]
[EventType "team"]
[EventRounds "11"]
[EventCountry "FRA"]
[Source "ChessBase"]
[SourceDate "2010.03.11"]

1. d4 d5 2. c4 c6 3. cxd5 cxd5 4. Nc3 e6 5. Nf3 Bd6 6. Bg5 Qb6 7. Qc2 Nc6 8. e3
h6 9. Bh4 Nge7 10. Be2 Nf5 11. Bg3 Nxg3 12. hxg3 Bd7 13. O-O Rc8 14. Rfc1 Na5
15. Rab1 O-O 16. Bd3 Nc4 17. Nd2 Rc7 18. Nxc4 dxc4 19. Bh7+ Kh8 20. Be4 Qa6 21.
Bf3 b5 22. a3 Bc6 23. d5 exd5 24. Bxd5 Re7 25. Rd1 Be5 26. Rd2 Qb7 27. Bxc6
Qxc6 28. Rbd1 Bxc3 29. Qxc3 Re6 30. Rd7 a6 31. Qb4 Kg8 32. Ra7 Qe4 33. Qd2 Rfe8
34. Qd5 Qc2 35. Qd2 Qf5 36. Qd3 Qf6 37. Qd4 Qg6 38. Rd7 Rf6 39. Rd6 Ree6 40.
Rxe6 Rxe6 41. a4 Qc2 42. axb5 axb5 43. Rd2 Qb1+ 44. Rd1 Qg6 45. Rd2 Ra6 46. Qd5
Qb1+ 47. Kh2 Ra1 48. g4 Qc1 49. Qd8+ Kh7 50. Qd7 Ra8 51. Qf5+ Kg8 52. Rd7 Qxb2
53. Qxf7+ Kh8 1/2-1/2

[Event "FRA-chT2 0910"]
[Site "France"]
[Date "2009.12.13"]
[Round "6.5"]
[White "Barbet, Loic"]
[Black "Dieu, Bruno"]
[Result "0-1"]
[WhiteElo "2086"]
[BlackElo "2263"]
[PlyCount "106"]
[EventDate "2009.09.27"]
[EventType "team"]
[EventRounds "11"]
[EventCountry "FRA"]
[Source "ChessBase"]
[SourceDate "2010.03.11"]

1. e4 e6 2. d4 d5 3. Nc3 Bb4 4. Nge2 dxe4 5. a3 Ba5 6. b4 Bb6 7. Nxe4 e5 8. d5
Nf6 9. Nxf6+ Qxf6 10. Be3 Bxe3 11. fxe3 Bg4 12. Qd3 Nd7 13. Ng3 O-O-O 14. e4
Nb6 15. h3 Bd7 16. Be2 Qh4 17. O-O Rhf8 18. c4 Nxc4 19. Qxc4 Qxg3 20. Rf3 Qg6
21. Rc1 Qb6+ 22. Kh2 Kb8 23. a4 Rc8 24. a5 Qd6 25. b5 f5 26. Re3 Qh6 27. Qc5
fxe4 28. Rec3 Qd6 29. Qe3 h6 30. a6 b6 31. Qxe4 Rf4 32. Qe3 Rd4 33. Kh1 Qxd5
34. Bf3 e4 35. Bg4 Bxg4 36. hxg4 Rd1+ 37. Kh2 Rd3 38. Qf4 Rxc3 39. Rxc3 Qd6 40.
g3 Qxf4 41. gxf4 Re8 42. Kg2 e3 43. Kf1 e2+ 44. Ke1 c5 45. g5 hxg5 46. fxg5 Kc7
47. Rd3 Re5 48. g6 Re7 49. Rd5 Re6 50. Rf5 Kd6 51. Rf7 Re7 52. Rf8 c4 53. Rc8
Kd5 0-1

[Event "FRA-chT2 0910"]
[Site "France"]
[Date "2009.12.13"]
[Round "6.5"]
[White "Baron, Romuald"]
[Black "Cartier, Nicolas"]
[Result "1/2-1/2"]
[WhiteElo "1998"]
[BlackElo "2098"]
[PlyCount "95"]
[EventDate "2009.09.27"]
[EventType "team"]
[EventRounds "11"]
[EventCountry "FRA"]
[Source "ChessBase"]
[SourceDate "2010.03.11"]

1. e4 c5 2. Nf3 Nc6 3. Bb5 d6 4. O-O Bd7 5. Re1 e6 6. c3 a6 7. Bxc6 Bxc6 8. d4
cxd4 9. cxd4 Be7 10. d5 Bd7 11. dxe6 Bxe6 12. Nd4 Qd7 13. Bf4 Nf6 14. Nxe6 fxe6
15. Nc3 O-O 16. e5 dxe5 17. Bxe5 Qxd1 18. Raxd1 Rad8 19. h3 Kf7 20. g4 Rxd1 21.
Rxd1 Rd8 22. Rxd8 Bxd8 23. Bxf6 gxf6 24. Kg2 Ke7 25. Kf3 Kd6 26. Ke4 b5 27. Ne2
Bb6 28. f4 h6 29. Nc1 Kc5 30. Nb3+ Kc4 31. Nd2+ Kb4 32. f5 exf5+ 33. gxf5 a5
34. Kd5 Be3 35. Ne4 Bc1 36. Nxf6 Bxb2 37. Ng4 Bg7 38. f6 Bf8 39. Ne5 h5 40. Nd7
Bh6 41. Kc6 Kc4 42. Ne5+ Kb4 43. f7 a4 44. Nd7 Kc4 45. Nb6+ Kb4 46. a3+ Kxa3
47. Kxb5 Kb3 48. Nxa4 1/2-1/2

[Event "FRA-chT2 0910"]
[Site "France"]
[Date "2009.12.13"]
[Round "6.5"]
[White "Bellahcene, Bilel"]
[Black "Wegner, Eric"]
[Result "1/2-1/2"]
[WhiteElo "2013"]
[BlackElo "2084"]
[PlyCount "184"]
[EventDate "2009.09.27"]
[EventType "team"]
[EventRounds "11"]
[EventCountry "FRA"]
[Source "ChessBase"]
[SourceDate "2010.03.11"]

1. d4 Nf6 2. c4 e6 3. Nf3 d5 4. Nc3 Bb4 5. Qc2 O-O 6. Bg5 Nbd7 7. e3 c5 8. a3
Qa5 9. Rc1 Bxc3+ 10. Qxc3 Qxc3+ 11. bxc3 Ne4 12. Bf4 Nb6 13. Nd2 Nxd2 14. Kxd2
cxd4 15. cxd4 Nxc4+ 16. Bxc4 dxc4 17. Rxc4 Bd7 18. Rhc1 Rfc8 19. e4 Rxc4 20.
Rxc4 Rc8 21. Kc3 Kf8 22. Rxc8+ Bxc8 23. Bb8 a6 24. Kc4 Ke8 25. Kc5 Kd7 26. a4
g6 27. Kb6 Kd8 28. a5 Kd7 29. Be5 Kd8 30. Bf6+ Kd7 31. g3 Kd6 32. h4 h5 33. f3
Kd7 34. g4 Kd6 35. Be5+ Kd7 36. Bf6 Kd6 37. Be5+ Kd7 38. Bg7 Kd8 39. gxh5 gxh5
40. Bf6+ Kd7 41. Kc5 Kc7 42. Be5+ Kd7 43. Kb6 Kd8 44. Bg3 Kd7 45. Bh2 Kd8 46.
Be5 Kd7 47. Bf6 Kd6 48. Be5+ Kd7 49. Bb8 Kd8 50. Bc7+ Kd7 51. e5 Ke8 52. Bd6
Kd7 53. f4 Kd8 54. Bb4 Kd7 55. Be1 Kd8 56. Bg3 Kd7 57. Kc5 Ke7 58. Kb6 Kd7 59.
Bf2 Kd8 60. Be3 Kd7 61. Kc5 Kc7 62. f5 Bd7 63. Bf4 Bc6 64. f6 Be4 65. Bh6 Bf3
66. Bf8 Be4 67. Bd6+ Kd7 68. Bb8 Bf3 69. Ba7 Be4 70. Bb6 Bf3 71. Kc4 Be4 72.
Kc3 Kc6 73. Kd2 Kd5 74. Ke3 Bc2 75. Kf4 Kc6 76. Kg5 Bd1 77. Kh6 Kd7 78. Kg7 Ke8
79. d5 Bb3 80. d6 Ba4 81. Bc5 Bb5 82. Bb4 Ba4 83. d7+ Bxd7 84. Kh6 Bb5 85. Kxh5
Bd3 86. Kh6 Be2 87. Be7 Bd1 88. h5 Be2 89. Kg5 Bd1 90. h6 Bc2 91. Kf4 Kd7 92.
Ke3 Kc6 1/2-1/2

[Event "FRA-chT2 0910"]
[Site "France"]
[Date "2009.12.13"]
[Round "6.5"]
[White "Charrais, Kevin"]
[Black "Blanche, Paul"]
[Result "0-1"]
[WhiteElo "1861"]
[BlackElo "2120"]
[PlyCount "96"]
[EventDate "2009.09.27"]
[EventType "team"]
[EventRounds "11"]
[EventCountry "FRA"]
[Source "ChessBase"]
[SourceDate "2010.03.11"]

1. b3 d5 2. Bb2 Nd7 3. f4 Ngf6 4. e3 e6 5. Nf3 Bd6 6. Be2 c5 7. O-O Qc7 8. c4
e5 9. Nc3 exf4 10. Nb5 Qc6 11. cxd5 Qxd5 12. Bc4 Qc6 13. Nxd6+ Qxd6 14. e4 Qe7
15. e5 Ng4 16. h3 Nh6 17. d4 O-O 18. d5 Nb6 19. d6 Qd8 20. Bd3 Nf5 21. Qd2 Ne3
22. Rf2 Be6 23. Re1 Nbd5 24. Be4 Rc8 25. Rfe2 b5 26. Bxd5 Nxd5 27. Re4 a5 28.
Rc1 Qb6 29. Kh1 a4 30. Ng5 axb3 31. axb3 h6 32. Nxe6 fxe6 33. Qf2 c4 34. Bd4
Qb7 35. bxc4 bxc4 36. Bc5 Ne3 37. Rxe3 fxe3 38. Qxe3 Qd5 39. Bb4 Rb8 40. Qa3
Rf2 41. Rg1 Ra8 42. Qg3 Raa2 43. Be1 Rfe2 44. Qg6 Ra3 45. Rf1 Qxe5 46. Bf2 Qxd6
47. Qg4 Raa2 48. Bd4 Rxg2 0-1

[Event "FRA-chT2 0910"]
[Site "France"]
[Date "2009.12.13"]
[Round "6.5"]
[White "Frederic, Clement"]
[Black "Bouton, Christophe"]
[Result "0-1"]
[WhiteElo "2185"]
[BlackElo "2084"]
[PlyCount "122"]
[EventDate "2009.09.27"]
[EventType "team"]
[EventRounds "11"]
[EventCountry "FRA"]
[Source "ChessBase"]
[SourceDate "2010.03.11"]
[WhiteTeam "Fenain et Hornaing Echecs"]
[BlackTeam "Drancy II"]

1. e4 e6 2. Nc3 c5 3. Nf3 Nc6 4. d4 cxd4 5. Nxd4 Nf6 6. Nxc6 bxc6 7. e5 Nd5 8.
Ne4 Qc7 9. f4 f5 (9... Qb6) 10. exf6 Nxf6 11. Nxf6+ gxf6 12. Qh5+ Kd8 13. Bd2
d5 14. c4 (14. Bd3) 14... a5 (14... Rb8 {[%cal Gb8b2]}) 15. Qh4 Be7 16. O-O-O
d4 17. Be2 c5 18. Kb1 Bb7 19. Qh3 Kd7 20. Bd3 h5 21. Rhe1 f5 22. Re2 Raf8 23.
Rde1 Rh6 24. Bxf5 Rxf5 25. Qxf5 exf5 26. Rxe7+ Kd6 27. Rxc7 Kxc7 28. Re7+ Kc8
29. Bxa5 Bxg2 30. Rc7+ Kb8 31. Rxc5 Be4+ 32. Kc1 Rg6 33. b4 Rg1+ 34. Kb2 Rg2+
35. Kc1 Rxa2 $15 {[%csl Ga2,Rc1]} 36. Re5 d3 37. Re8+ Kb7 38. Rd8 Rc2+ 39. Kd1
Rxc4 40. Rd6 Rc2 41. h4 Bf3+ 42. Ke1 Re2+ 43. Kf1 Rb2 44. Ke1 Re2+ 45. Kf1 Bg2+
46. Kg1 d2 47. b5 Re1+ 48. Kxg2 d1=Q 49. Rxd1 Rxd1 50. Kf3 Rd5 51. Ke3 Rxb5 52.
Bd8 Rd5 53. Bf6 Kc6 54. Be7 Kb5 55. Bf6 Kc4 56. Bg7 Rd3+ 57. Ke2 Rh3 58. Bf6
Kd5 59. Kf2 Ke4 60. Bg5 Rf3+ 61. Kg2 Rxf4 0-1

[Event "FRA-chT2 0910"]
[Site "France"]
[Date "2009.12.13"]
[Round "6.5"]
[White "Guerlach, Frederic"]
[Black "Martinez, Jean Philippe"]
[Result "1/2-1/2"]
[WhiteElo "2067"]
[BlackElo "2084"]
[PlyCount "165"]
[EventDate "2009.09.27"]
[EventType "team"]
[EventRounds "11"]
[EventCountry "FRA"]
[Source "ChessBase"]
[SourceDate "2010.03.11"]

1. Nf3 d5 2. c4 c6 3. e3 e6 4. Nc3 Bd6 5. b3 Nf6 6. Bb2 O-O 7. Be2 Nbd7 8. Qc2
Re8 9. g4 Nxg4 10. Rg1 Ngf6 11. Ng5 Nf8 12. f4 Qe7 13. O-O-O Ba3 14. Rg2 Bxb2+
15. Qxb2 dxc4 16. Rdg1 g6 17. Bxc4 b5 18. Bd3 Bb7 19. f5 exf5 20. Bxf5 Qc5 21.
Bc2 Qe5 22. Qb1 c5 23. Rf2 b4 24. Nd1 Rac8 25. Nb2 Ba6 26. Bd3 Bxd3 27. Nxd3
Qe7 28. Nb2 N8d7 29. Nc4 Ne5 30. Nxe5 Qxe5 31. Qb2 Qxb2+ 32. Kxb2 Kg7 33. Rc1
h6 34. Nf3 Ne4 35. Rff1 Rcd8 36. Rc2 Rd5 37. Kc1 f5 38. Kd1 a5 39. Rc4 a4 40.
Ke2 axb3 41. axb3 Red8 42. d4 Nc3+ 43. Kf2 Ne4+ 44. Ke2 Ra8 45. Rfc1 Ra2+ 46.
R1c2 Rxc2+ 47. Rxc2 Nc3+ 48. Kd3 cxd4 49. exd4 g5 50. Ne5 Rd8 51. Nc6 Re8 52.
Nxb4 Ne4 53. Nd5 f4 54. Re2 Nd6 55. Rxe8 Nxe8 56. b4 Nd6 57. Nc3 Kf7 58. d5 Ke7
59. Ke2 Nc4 60. Ne4 Nb6 61. d6+ Ke6 62. Kf3 Nc4 63. h3 Nxd6 64. Nc3 Kf5 65. b5
h5 66. b6 g4+ 67. hxg4+ hxg4+ 68. Kf2 Ke5 69. Ne2 Nb7 70. Nc3 Kf5 71. Ne2 Nc5
72. Nd4+ Ke4 73. Ne6 Nb7 74. Nc7 Kf5 75. Nd5 Kg5 76. Nc3 Kh4 77. Nd5 f3 78. Ne3
Nc5 79. Nf5+ Kh3 80. Ng3 Kh2 81. Nf1+ Kh3 82. Ng3 Kh4 83. Nf5+ 1/2-1/2

[Event "FRA-chT2 0910"]
[Site "France"]
[Date "2009.12.13"]
[Round "6.5"]
[White "Landie, Thibault"]
[Black "Staeger, Pascal"]
[Result "1-0"]
[WhiteElo "2133"]
[BlackElo "2110"]
[PlyCount "111"]
[EventDate "2009.09.27"]
[EventType "team"]
[EventRounds "11"]
[EventCountry "FRA"]
[Source "ChessBase"]
[SourceDate "2010.03.11"]

1. e4 d5 2. exd5 Qxd5 3. Nc3 Qd6 4. d4 Nf6 5. Nf3 a6 6. h3 e6 7. Bg5 Nbd7 8.
Qd2 b5 9. Bf4 Qb6 10. Bd3 Bb7 11. Qe2 Bd6 12. Bxd6 cxd6 13. O-O O-O 14. Ne4
Nxe4 15. Bxe4 Bxe4 16. Qxe4 Nf6 17. Qd3 Rac8 18. c3 Qa5 19. Nd2 Nd5 20. Ne4 Qd8
21. a4 f5 22. Nd2 Nf4 23. Qf3 Qg5 24. Rfd1 Rf6 25. axb5 axb5 26. Ra8 Rxa8 27.
Qxa8+ Kf7 28. Qb7+ Kg6 29. Qf3 Kh6 30. Kh2 e5 31. g3 Ne6 32. h4 Qh5 33. dxe5
dxe5 34. Qxh5+ Kxh5 35. Nf3 e4 36. Nd4 Nxd4 37. Rxd4 Rb6 38. Rb4 Kg4 39. Kg2
Rd6 40. f3+ Kh5 41. fxe4 Rd2+ 42. Kf3 fxe4+ 43. Kxe4 h6 44. b3 Rd1 45. Rxb5+
Kg4 46. Rb7 g5 47. hxg5 hxg5 48. Rg7 Re1+ 49. Kd4 Rd1+ 50. Kc4 Rg1 51. b4 Rxg3
52. b5 Rg1 53. b6 Rb1 54. Kc5 Kf5 55. c4 g4 56. Kc6 1-0

[Event "FRA-chT2 0910"]
[Site "France"]
[Date "2009.12.13"]
[Round "6.5"]
[White "Lemiere, Frederic"]
[Black "Lagunes, Jean Renaud"]
[Result "1/2-1/2"]
[WhiteElo "2095"]
[BlackElo "2112"]
[PlyCount "98"]
[EventDate "2009.09.27"]
[EventType "team"]
[EventRounds "11"]
[EventCountry "FRA"]
[Source "ChessBase"]
[SourceDate "2010.03.11"]

1. d4 g6 2. c4 Nf6 3. Nc3 Bg7 4. e4 d6 5. h3 Nc6 6. Nf3 Nd7 7. Bg5 f6 8. Be3 e5
9. d5 Ne7 10. g4 O-O 11. Rg1 a6 12. h4 Qe8 13. Qd2 Rb8 14. Be2 Kh8 15. Rg2 Ng8
16. h5 g5 17. Qc2 Nh6 18. Nd2 c5 19. Nf1 Rf7 20. f3 Nf8 21. Ng3 b5 22. Rg1 Rfb7
23. Rb1 Qd8 24. Kf2 bxc4 25. Nf1 Nd7 26. Nd2 Nb6 27. Nxc4 Nxc4 28. Bxc4 Rb4 29.
b3 a5 30. Bd2 Bd7 31. a4 R4b7 32. Nb5 Bf8 33. Bc3 Ra8 34. Qd2 Be7 35. Be2 Qb6
36. Bc4 Bd8 37. Kg3 Rbb8 38. Na3 Qb7 39. Nb5 Bc7 40. Qe2 Qc8 41. Rg2 Kg7 42.
Qd1 Kf8 43. Rgb2 Ke7 44. Ra2 Bb6 45. Qe2 Qb7 46. Qd2 Rg8 47. Rh1 Qc8 48. Qe2
Qb7 49. Rg1 Qc8 1/2-1/2

[Event "FRA-chT2 0910"]
[Site "France"]
[Date "2009.12.13"]
[Round "6.5"]
[White "Leruste, Georges"]
[Black "Stenel, Vincent"]
[Result "1/2-1/2"]
[WhiteElo "2135"]
[BlackElo "2066"]
[PlyCount "160"]
[EventDate "2009.09.27"]
[EventType "team"]
[EventRounds "11"]
[EventCountry "FRA"]
[Source "ChessBase"]
[SourceDate "2010.03.11"]

1. Nf3 Nf6 2. g3 g6 3. b3 Bg7 4. Bb2 d6 5. d4 O-O 6. Bg2 Nbd7 7. O-O Re8 8.
Nbd2 c6 9. e4 Qc7 10. Re1 e5 11. dxe5 dxe5 12. Nc4 Bf8 13. a4 b5 14. axb5 cxb5
15. Ne3 Bc5 16. Nd5 Qd6 17. h3 Bb7 18. c4 bxc4 19. bxc4 Bxd5 20. cxd5 Bxf2+ 21.
Kxf2 Qb6+ 22. Bd4 exd4 23. Nxd4 a5 24. Rb1 Qa7 25. Kf1 Ne5 26. Nb5 Qc5 27. Qd4
Qxd4 28. Nxd4 Nc4 29. Rbd1 Nd7 30. Nc6 a4 31. Rd4 Nce5 32. Ra1 a3 33. Rb4 Ra6
34. Rb3 Nxc6 35. dxc6 Rxc6 36. Rbxa3 Rf6+ 37. Kg1 Nc5 38. Re1 Rfe6 39. Rae3 Kg7
40. Kf2 f5 41. exf5 Nd3+ 42. Rxd3 Rxe1 43. fxg6 R8e2+ 44. Kf3 hxg6 45. h4 Rb2
46. Bh3 Ree2 47. Bd7 Rf2+ 48. Kg4 Rbd2 49. Rxd2 Rxd2 50. Bc6 Kf6 51. Be8 Rd8
52. Bb5 Rd4+ 53. Kf3 Kf5 54. Ba6 Rb4 55. Bd3+ Kf6 56. Ba6 g5 57. hxg5+ Kxg5 58.
Bc8 Rb3+ 59. Kf2 Kf6 60. Bd7 Ke5 61. Bc6 Rb6 62. Bf3 Rf6 63. Ke3 Rg6 64. Kf2
Kd4 65. g4 Rf6 66. Kg3 Ke3 67. Bb7 Rf1 68. Bc8 Rg1+ 69. Kh4 Kf4 70. Kh5 Rc1 71.
Bf5 Rc6 72. Bd7 Rd6 73. Bf5 Rf6 74. Bd7 Rf7 75. Bf5 Rg7 76. Kh6 Rg5 77. Kh7 Ke5
78. Kh6 Kf6 79. Kh7 Rg7+ 80. Kh6 Rg8 1/2-1/2

[Event "FRA-chT2 0910"]
[Site "France"]
[Date "2009.12.13"]
[Round "6.5"]
[White "Ollier, Pablo"]
[Black "Navarrete Delgado, Sergio"]
[Result "1-0"]
[WhiteElo "2259"]
[BlackElo "2241"]
[PlyCount "109"]
[EventDate "2009.09.27"]
[EventType "team"]
[EventRounds "11"]
[EventCountry "FRA"]
[Source "ChessBase"]
[SourceDate "2010.03.11"]

1. e4 d5 2. exd5 Qxd5 3. Nc3 Qa5 4. Bc4 Nf6 5. d3 Bg4 6. f3 Bd7 7. Bd2 Qh5 8.
Qe2 Nc6 9. O-O-O O-O-O 10. Qf2 e6 11. d4 Bb4 12. Nge2 Qa5 13. a3 Bxc3 14. Nxc3
Qb6 15. Be3 Qa5 16. Rhe1 Ne7 17. Bd2 Qb6 18. Bg5 h6 19. Bxf6 gxf6 20. Qh4 Nd5
21. Bxd5 exd5 22. Nxd5 Qd6 23. Nxf6 Bf5 24. Ne4 Qc6 25. Qf4 Bg6 26. Nc3 Qc4 27.
Re5 Rd7 28. Qe3 Rhd8 29. b3 Qa6 30. Kb2 Qf6 31. Re8 Qf5 32. Rxd8+ Rxd8 33. Rd2
h5 34. Ne4 Qe6 35. Qf4 Qc6 36. c4 Re8 37. d5 Qb6 38. d6 Rd8 39. dxc7 Rxd2+ 40.
Nxd2 a5 41. Qe5 f6 42. c5 Qxc7 43. Qxc7+ Kxc7 44. Kc3 Kc6 45. Nc4 Kxc5 46. Nxa5
b6 47. Nc4 Be8 48. b4+ Kc6 49. Kd4 Bf7 50. g4 h4 51. Ne3 Be6 52. Ng2 Kb5 53.
Nxh4 Ka4 54. Nf5 Kxa3 55. Kc3 1-0

[Event "FRA-chT2 0910"]
[Site "France"]
[Date "2009.12.13"]
[Round "6.5"]
[White "Rodriguez, Angel"]
[Black "Pellegrin, Philippe"]
[Result "0-1"]
[WhiteElo "2096"]
[BlackElo "2013"]
[PlyCount "108"]
[EventDate "2009.09.27"]
[EventType "team"]
[EventRounds "11"]
[EventCountry "FRA"]
[Source "ChessBase"]
[SourceDate "2010.03.11"]

1. f4 Nf6 2. Nf3 g6 3. d3 Bg7 4. e4 d6 5. Be2 c5 6. O-O O-O 7. c3 Nc6 8. Qe1
Qc7 9. Qh4 a6 10. f5 Ne5 11. Nxe5 dxe5 12. g4 c4 13. g5 cxd3 14. Bxd3 Nh5 15.
Na3 b5 16. Nc2 Nf4 17. Bxf4 exf4 18. Rxf4 Bb7 19. f6 exf6 20. gxf6 Bh8 21. Raf1
Rfe8 22. Nd4 Rad8 23. Qh6 Rd6 24. Qg5 Qb6 25. R1f2 b4 26. e5 Qc5 27. cxb4 Qxe5
28. Qxe5 Rxe5 29. Re2 Rxe2 30. Bxe2 Bxf6 31. Nb3 Bxb2 32. Nc5 Rd4 33. Rxd4
Bxd4+ 34. Kf1 Bxc5 35. bxc5 a5 36. Bb5 Kf8 37. Ke2 Ke7 38. Kd3 f5 39. Kd4 g5
40. Ke5 Bc8 41. Bd3 f4 42. Bxh7 f3 43. Be4 f2 44. Bg2 Ba6 45. Kd5 f1=Q 46. Bxf1
Bxf1 47. Kc6 Ke6 48. a4 Bg2+ 49. Kb6 Kd5 50. c6 Kd6 51. c7 Kd7 52. Kxa5 Kxc7
53. Kb4 Kd6 54. Kc4 Ke5 0-1

[Event "FRA-chT2 0910"]
[Site "France"]
[Date "2009.12.13"]
[Round "6.5"]
[White "Soupizon, Remi"]
[Black "Cadiou, Jacques"]
[Result "1/2-1/2"]
[WhiteElo "2041"]
[BlackElo "1996"]
[PlyCount "111"]
[EventDate "2009.09.27"]
[EventType "team"]
[EventRounds "11"]
[EventCountry "FRA"]
[Source "ChessBase"]
[SourceDate "2010.03.11"]

1. e4 c5 2. Nc3 e6 3. f4 Nc6 4. Nf3 Nge7 5. d4 cxd4 6. Nxd4 Nxd4 7. Qxd4 Nc6 8.
Qd2 a6 9. b3 b5 10. Bb2 Bc5 11. O-O-O Qb6 12. Kb1 O-O 13. f5 f6 14. g4 Ne5 15.
g5 Be3 16. Nd5 exd5 17. Qxd5+ Nf7 18. g6 Bb7 19. gxf7+ Rxf7 20. Qd3 Re8 21. Bg2
Rfe7 22. Rhe1 Bf4 23. Ba3 d6 24. h3 Rd7 25. Bf3 Red8 26. c4 b4 27. Bb2 Re8 28.
Rg1 Be5 29. Rg2 Ree7 30. Rdg1 Bxb2 31. Kxb2 Qc5 32. Rd1 Qe5+ 33. Qd4 Bxe4 34.
Bxe4 Qxe4 35. Qxe4 Rxe4 36. Rgd2 h5 37. Rxd6 Re2+ 38. Kc1 Rxd6 39. Rxd6 Rxa2
40. c5 Ra5 41. Rc6 Ra1+ 42. Kd2 Rh1 43. Rb6 Rh2+ 44. Kd3 Rxh3+ 45. Kd4 a5 46.
Rb5 Rc3 47. Kd5 h4 48. Rxa5 h3 49. c6 h2 50. Ra1 Rxb3 51. Kd6 Re3 52. c7 b3 53.
Ra8+ Kh7 54. Ra1 b2 55. Rh1 Rc3 56. c8=Q 1/2-1/2

[Event "FRA-chT2 0910"]
[Site "France"]
[Date "2009.12.13"]
[Round "6.6"]
[White "Afangnibo, Jonathan"]
[Black "Muratet, Lucas"]
[Result "0-1"]
[WhiteElo "1812"]
[BlackElo "1955"]
[PlyCount "68"]
[EventDate "2009.09.27"]
[EventType "team"]
[EventRounds "11"]
[EventCountry "FRA"]
[Source "ChessBase"]
[SourceDate "2010.03.11"]

1. d4 Nf6 2. c4 c5 3. d5 e6 4. Nc3 exd5 5. cxd5 d6 6. e4 g6 7. f4 Bg7 8. Bb5+
Nfd7 9. a4 Qh4+ 10. g3 Qe7 11. Qe2 O-O 12. Nf3 a6 13. Bd3 Re8 14. O-O Nf6 15.
Re1 Bg4 16. Qg2 Bxf3 17. Qxf3 Qc7 18. Be3 Nbd7 19. Rac1 Qb6 20. Re2 Qb4 21. Bf2
h5 22. h3 Rad8 23. Rce1 Nb6 24. Ra1 c4 25. Bb1 Nbd7 26. a5 Nc5 27. Bxc5 Qxc5+
28. Qf2 Nd7 29. Qxc5 Nxc5 30. Bc2 Re7 31. Na4 Bd4+ 32. Kg2 Nxa4 33. Rxa4 Bxb2
34. Rxc4 Bg7 0-1

[Event "FRA-chT2 0910"]
[Site "France"]
[Date "2009.12.13"]
[Round "6.6"]
[White "Delalee, Paul"]
[Black "Konopka, Jeremiasz"]
[Result "1-0"]
[WhiteElo "1934"]
[BlackElo "2009"]
[PlyCount "151"]
[EventDate "2009.09.27"]
[EventType "team"]
[EventRounds "11"]
[EventCountry "FRA"]
[Source "ChessBase"]
[SourceDate "2010.03.11"]

1. c4 Nf6 2. Nc3 g6 3. e4 d6 4. d4 Bg7 5. Be2 O-O 6. Bg5 Nbd7 7. Qd2 c5 8. Nf3
cxd4 9. Nxd4 Nc5 10. f3 Ne6 11. Be3 Nxd4 12. Bxd4 Be6 13. O-O Nd7 14. Rfd1
Bxd4+ 15. Qxd4 Qb6 16. b3 Qxd4+ 17. Rxd4 Ne5 18. Rc1 Nc6 19. Rd2 Rac8 20. Bf1
f5 21. exf5 Bxf5 22. Nd5 e5 23. Rcd1 Rcd8 24. Nc3 Rf6 25. Nb5 a6 26. Rxd6 Rfxd6
27. Nxd6 Nd4 28. c5 b6 29. b4 bxc5 30. bxc5 Be6 31. Rd2 Rd7 32. Ne4 Rc7 33. Rb2
Bf5 34. Bxa6 Bxe4 35. fxe4 Rxc5 36. Kf2 Kf7 37. Bb7 Kf6 38. Bd5 Ra5 39. Rb7 h5
40. h4 g5 41. Rb6+ Kg7 42. hxg5 Rc5 43. Bb3 Rc3 44. Bd1 Ra3 45. Bb3 Ra8 46.
Rb7+ Kg6 47. Re7 Kxg5 48. Rxe5+ Kf4 49. Rxh5 Nxb3 50. g3+ Kxe4 51. Rh4+ Kf5 52.
axb3 Rb8 53. Rf4+ Kg5 54. b4 Ra8 55. Rc4 Ra3 56. Kg2 Kf5 57. Kh3 Ra1 58. g4+
Kg5 59. Rc5+ Kg6 60. b5 Rh1+ 61. Kg2 Rb1 62. Kf3 Rb4 63. g5 Kf7 64. Re5 Rb3+
65. Ke4 Rb4+ 66. Kf5 Rb1 67. g6+ Kg7 68. Re7+ Kf8 69. Rb7 Rf1+ 70. Ke6 Re1+ 71.
Kd6 Rg1 72. g7+ Kg8 73. Rd7 Rb1 74. Kc6 Rc1+ 75. Kb7 Rb1 76. b6 1-0

[Event "FRA-chT2 0910"]
[Site "France"]
[Date "2009.12.13"]
[Round "6.7"]
[White "Godart, Francois"]
[Black "San Marco, Jean"]
[Result "1-0"]
[WhiteElo "2178"]
[BlackElo "2008"]
[PlyCount "26"]
[EventDate "2009.09.27"]
[EventType "team"]
[EventRounds "11"]
[EventCountry "FRA"]
[Source "ChessBase"]
[SourceDate "2010.03.11"]

1. d4 Nf6 2. c4 c5 3. d5 b5 4. cxb5 a6 5. bxa6 g6 6. Nc3 Bxa6 7. a4 d6 8. Rb1
Bg7 9. b3 Nbd7 10. g3 Rb8 11. Bg2 O-O 12. Nf3 Qc7 13. O-O Rb7 1-0

[Event "FRA-chT2 0910"]
[Site "France"]
[Date "2009.12.13"]
[Round "6.7"]
[White "L'Huillier, Helene"]
[Black "Brieussel, Benoit"]
[Result "0-1"]
[WhiteElo "1937"]
[BlackElo "1900"]
[PlyCount "126"]
[EventDate "2009.09.27"]
[EventType "team"]
[EventRounds "11"]
[EventCountry "FRA"]
[Source "ChessBase"]
[SourceDate "2010.03.11"]

1. d4 Nf6 2. Nf3 b6 3. c4 e6 4. Nc3 Bb4 5. Bg5 h6 6. Bh4 O-O 7. e3 Bb7 8. Bd3
c5 9. a3 Bxc3+ 10. bxc3 g5 11. Bg3 Ne4 12. Bxe4 Bxe4 13. Bd6 Re8 14. Ne5 Nc6
15. Ng4 Kh7 16. d5 exd5 17. cxd5 f5 18. dxc6 fxg4 19. c7 Qf6 20. O-O Re6 21.
Bxc5 d6 22. Bd4 Qf5 23. f3 gxf3 24. gxf3 Bc6 25. Qb1 Qxb1 26. Raxb1 Rc8 27. a4
Rxc7 28. a5 bxa5 29. Rb8 a6 30. Rh8+ Kg6 31. Rg8+ Kh7 32. Rh8+ Kg6 33. f4 gxf4
34. Rg8+ Kh7 35. Rh8+ Kg6 36. Rxf4 Kh5 37. Rf5+ Kg4 38. Rf4+ Kg5 39. Rg8+ Kh5
40. Rf5+ Kh4 41. Bf6+ Rxf6 42. Rxf6 Kh5 43. Rf5+ Kh4 44. Rf4+ Kh5 45. Rf5+ Kh4
46. Rf6 Kh5 47. Rxd6 Bb5 48. Rgg6 Rxc3 49. Rxh6+ Kg5 50. h4+ Kg4 51. Rdg6+ Kf3
52. Rf6+ Kxe3 53. Rh8 a4 54. Re6+ Kd2 55. h5 a3 56. Rd8+ Kc2 57. Re1 Bd3 58.
Rf8 Kb2 59. Rf2+ Bc2 60. Rff1 a2 61. Kf2 Bb1 62. Re2+ Rc2 63. Rxc2+ Kxc2 0-1

[Event "FRA-chT2 0910"]
[Site "France"]
[Date "2009.12.13"]
[Round "6.7"]
[White "Maruejols, Claude"]
[Black "Kirk, Ezra"]
[Result "1-0"]
[WhiteElo "2039"]
[BlackElo "1919"]
[PlyCount "91"]
[EventDate "2009.09.27"]
[EventType "team"]
[EventRounds "11"]
[EventCountry "FRA"]
[Source "ChessBase"]
[SourceDate "2010.03.11"]

1. d4 Nf6 2. c4 g6 3. Nc3 Bg7 4. e4 d6 5. Be2 O-O 6. Nf3 e5 7. O-O Nc6 8. d5
Ne7 9. Ne1 Nd7 10. Nd3 f5 11. Bd2 f4 12. Rc1 g5 13. g4 Nf6 14. c5 Ng6 15. cxd6
cxd6 16. f3 Rf7 17. Be1 h5 18. h3 Bf8 19. Kg2 Bd7 20. Qb3 Rh7 21. Rh1 hxg4 22.
hxg4 Nh4+ 23. Bxh4 gxh4 24. Nf2 a6 25. a4 Rg7 26. Qb4 Nh5 27. Rh3 Rc8 28. Nd3
Ng3 29. Bd1 b5 30. axb5 axb5 31. Ne2 Rxc1 32. Nexc1 Be7 33. Rh2 Qb6 34. Qe1 Bg5
35. Kh3 Bd8 36. Rc2 Qa7 37. Nb4 Bb6 38. Nc6 Qa8 39. Qb4 Bc5 40. Qxb5 Qe8 41.
Nd3 Be3 42. Qb4 Qg6 43. Qb8+ Kh7 44. Qd8 Qh6 45. Ne7 Bb5 46. Rc8 1-0